Najbardziej dochodowe trasy koncertowe - Statystyki

Ogólne statystyki
  • Ten quiz został rozwiązany 15 razy
  • Średni wynik to 4 z 15
Statystyki odpowiedzi
Trasa Artysta % Poprawnych
Eras Taylor Swift
75%
WorldWired Metallica
58%
÷ / +–=÷x Ed Sheeran
50%
Renaissance Beyoncé
42%
Black Ice AC/DC
25%
A Head Full of Dreams / Music of the Spheres Coldplay
25%
Love on Tour Harry Styles
25%
Beautiful Trauma Pink
25%
U2 360 / Joshua Tree / Vertigo U2
17%
Farewell Yellow Brick Road Elton John
8%
Sticky & Sweet Madonna
8%
The Wall Live Roger Waters
8%
A Bigger Bang / No Filter The Rolling Stones
8%
2023 Bruce Springsteen
0%
Not in This Lifetime... Guns N' Roses
0%
Nie znaleziono quizów pasujących do podanych kryteriów
Rozkład punktacji
Procent ludzi z każdym wynikiem
Percentyl według liczby udzielonych odpowiedzi
Twoja historia wyników
Nie rozwiązałeś tego quizu